000 00761nam a22001937a 4500
003 OSt
005 20260428112611.0
008 260428b |||||||| |||| 00| 0 eng d
020 _a9719316802 Pbk. Bp.
040 _aMMSU
_cULS
050 _aHF 1171 D75 2004 F CASAT
245 _aDriven :
_bhow to make it in Philippine business /
_cJessica Zafra, editor ; Francisco H. Bautista and Antonio R. Samson, Co-chair, Editorial Board ; Ramos, Ige, Art director.
260 _a[Makati City] :
_bAsian Institute of Management,
_c2004.
300 _a184 pages :
_bcolor illustrations ;
_c31 cm.
650 _aAsian Institute of Management--Alumni and alumnae.
650 _aBusinessmen--Philippines--Biography.
650 _aPhilippines--Commerce.
942 _2lcc
_cBK
999 _c29035
_d29035